Harry Potter First Characters Quiz Stats

 Plays Quiz not verified by Sporcle

Score 0/7 Timer 04:00
0 Plays Today
Book Character % Correct
Sorcerer's/Philosopher's StoneMr. Dursley
96.6%
Prisoner of AzkabanHarry Potter
86.6%
Order of the PhoenixHarry Potter
74.6%
Chamber of SecretsMr. Dursley
69.1%
Deathly HallowsSeverus Snape
58.7%
Goblet of FireTom Riddle Sr.
52.4%
Half-Blood PrinceMuggle Prime Minister
45.4%

You're not logged in!

Compare scores with friends on all Sporcle quizzes.
OR
Log In

Show Comments

Extras

Top Quizzes Today


Score Distribution

Your Account Isn't Verified!

In order to create a playlist on Sporcle, you need to verify the email address you used during registration. Go to your Sporcle Settings to finish the process.

Report this User

Report this user for behavior that violates our Community Guidelines.

Details: